French irregular verbs - Statistics

General Stats
  • This quiz has been taken 124 times
  • The average score is 8 of 12
Answer Stats
They French % Correct
They go ils vont
95%
They are ils sont
94%
They have ils ont
90%
they do ils font
87%
They can ils peuvent
81%
They have to ils doivent
70%
We have on a
56%
We are on est
55%
We go on va
55%
We do on fait
54%
We can on peut
54%
We have to on doit
51%
No matching quizzes found
Score Distribution
Percent of People with Each Score
Percentile by Number Answered
Your Score History
You have not taken this quiz